00430 2200169 4500001002100000008004100021035002000062245003700082100002200119260002800141300002400169020002200193084001400215082000800229650000800237990001500245INLIS000000000003298 ind  a0010-1225000119 aSerangga pediacDarlyne Murawski aMurawski, Darlyne aJakartabGramediac2025 a272 hlmc21 x 25 cm a978-602-424-148-3 a590 DAR p a590 aIPA a19774/B/26